000 00578nam a22002177a 4500
005 20170124110102.0
010 _aA-825760
020 _c00.00
_a026378603
035 _aA-825760
037 _bCen Lib/Ret
040 _aDPL
_bEN
082 _aS
_bCRO
100 _aCrowne, Frances
_927274
245 _aSunlight and shadow /
_cby Frances Crowne
260 _aSurrey
_bMills & Boon
_c1994
270 _bSurrey
_aEton House, 18-24 Paradise Road Richmond
300 _a188p.
_c16cm(Hb)
650 _aShort stories
_944
650 _z
_979693
942 _2ddc
_cEN
_hS
_mCRO
999 _c129743
_d129743